Opponensi vélemény

Elmentve itt :
Bibliográfiai részletek
Szerző: Kelemen Elemér
Dokumentumtípus: Cikk
Megjelent: 2005
Sorozat:Iskolakultúra 15 No. 6-7
Online Access:http://misc.bibl.u-szeged.hu/41378
LEADER 00553nab a2200169 i 4500
001 misc41378
005 20191106140728.0
008 180709s2005 hu o 0|| zxx d
022 |a 1215-5233 
040 |a SZTE Miscellanea Repozitórium  |b hun 
041 |a zxx 
100 1 |a Kelemen Elemér 
245 1 0 |a Opponensi vélemény  |h [elektronikus dokumentum] /  |c  Kelemen Elemér 
260 |c 2005 
300 |a 238-241 
490 0 |a Iskolakultúra  |v 15 No. 6-7 
856 4 0 |u http://misc.bibl.u-szeged.hu/41378/1/EPA00011_iskolakultura_2005_06_07_238-241.pdf  |z Dokumentum-elérés